000 01128cam a22002054a 4500
005 20250605164123.0
008 250528s ||||||||||||||||||||||||d
035 _a18354
020 _a9608528143
040 _aGR-AtMCL
_bgre
_dGR-AtMCL
_eAACR2
245 1 _aΔον Ζουάν Ή Παυλώφ / Ένα Δοκίμιο για τη Διαφήμιση
260 _bΕκκρεμές,
_c1995
300 _a216
520 _aΑυτό το βιβλίο προτάσσει τη στρατηγική εφευρετικότητα, η οποία, εφόσον τεκμηριώνεται επάνω στην έρευνα διαφόρων, επιτρέπει στους διαφημιστές να είναι δημιουργικοί πριν ακόμα ξεκινήσουν να δημιουργούν, και ως εκ τούτου να αντικαταστήσουν το δόγμα των εξαρτημένων αντανακλαστικών με την περιπέτεια της γοητείας.
700 1 _aBonnange Claude
_94629
700 1 _aThomas Chantal
_94630
942 _cBK
999 _c3716
_d3716